Air Mata Cinta
| Main Author: | |
|---|---|
| Format: | Book |
| Published: |
Kuala Lumpur :
Melati Publisher Sdn.Bhd. ,
1995
|
| Series: | Klasiknya Cinta
|
| Subjects: |
MARC
| LEADER | 00000cam a2200000 7i4500 | ||
|---|---|---|---|
| 001 | 0000007897 | ||
| 002 | 000008471 | ||
| 005 | 20000330.0 | ||
| 020 | |a 9839806459 | ||
| 090 | 0 | 0 | |a F |b JUW |
| 100 | 0 | |a Juwie | |
| 245 | 1 | 0 | |a Air Mata Cinta |c Juwie |
| 260 | |a Kuala Lumpur : |b Melati Publisher Sdn.Bhd. , |c 1995 | ||
| 300 | |a 127p. ; |c 18cm. | ||
| 490 | 0 | |a Klasiknya Cinta | |
| 650 | 0 | 0 | |a Love stories, Malay |
| 999 | |a 054695 |b BUKU |c FICTION |e PERPUSTAKAAN KOMUNITI CAW KOTA DAMANSARA | ||